Normal view MARC view

Entry Personal Name

Number of records used in: 1

001 - CONTROL NUMBER

  • control field: 12890

003 - CONTROL NUMBER IDENTIFIER

  • control field: OSt

005 - DATE AND TIME OF LATEST TRANSACTION

  • control field: 20191101125113.0

008 - FIXED-LENGTH DATA ELEMENTS

  • fixed length control field: 191101|| aca||aabn | a|a d

040 ## - CATALOGING SOURCE

  • Original cataloging agency: OSt
  • Transcribing agency: OSt

100 ## - HEADING--PERSONAL NAME

  • Personal name: Sasikumar, S.K.

670 ## - SOURCE DATA FOUND

  • Source citation: Work cat.: (OSt): Sasikumar, S.K., Indian labour migration to the Gulf: Recent trends, the regulatory environment and new evidences on migration costs

Powered by Koha